Fundamentals of molecular evolution
Saved in:
| Main Author: | |
|---|---|
| Other Authors: | |
| Format: | Book |
| Language: | English |
| Published: |
Sunderland, Massachusetts :
Sinauer Associates,
c1999.
|
| Edition: | 2nd ed. |
| Subjects: | |
| Tags: |
Add Tag
No Tags, Be the first to tag this record!
|
MARC
| LEADER | 00000cam a2200000 i 4500 | ||
|---|---|---|---|
| 001 | 1/1263 | ||
| 008 | 000417s1999 mau| | | |||| ||eng|| | ||
| 020 | |a 0878932666 | ||
| 035 | |l 10059955 | ||
| 040 | |a GR-MyUa |b gre |e AACR2 | ||
| 041 | 0 | |a eng | |
| 082 | 7 | |a 572.838 |2 (22) | |
| 100 | 1 | |a Graur, Dan, |d 1953- | |
| 245 | 1 | 0 | |a Fundamentals of molecular evolution / |c Dan Graur, Wen-Hsiung Li. |
| 250 | |a 2nd ed. | ||
| 260 | |a Sunderland, Massachusetts : |b Sinauer Associates, |c c1999. | ||
| 300 | |a xiv, 481 σ. : |b εικ. ; |c 24 εκ. | ||
| 500 | |a Previous ed. published under: Fundamentals of molecular evolution / Wen-Hsioung Li, Sunderland, Mass: Sinauer, 1991. | ||
| 504 | |a Περιέχει βιβλιογραφικές παραπομπές (σ. 441-466) και ευρετήρια. | ||
| 650 | 0 | 0 | |a Molecular evolution. |
| 700 | 1 | |a Li, Wen-Hsiung, |d 1942- | |
| 852 | |a INST |b LESVOS |e 20000417 |h 572.838 GRA |p 005100023181 |q 005100023181 |t BK |y 0 | ||
| 901 | |a BIBL1-2000-1 | ||
| 922 | |a 1ΕΛΗ |b 200002 |c ΚΠΣ/ΤΠ |d GLORY | ||
| 950 | |a 107-1999-12-22 | ||
| 970 | |a ΤΖΑΦΕΡΗ |b ΕΥΑΓΓΕΛΙΑ |z 2000/0417 | ||